1129 1222 1653 1748 1433 1924 1709 1360 1978 1455 1182 1722 1902 1823 1218 1475 1541 1420 1797 1760 1305 1988 1218 1060 1751 1235 1753 1185 1893 1247 1856 1459 1420 1589 1046 1446 1033 1367 1781 1447 1943 1464 1638 1349 1657 1641 1319 1908 1979 1955 1847 1377 1834 1131 1170 1145 1259 1809 1258 1427 1754 1427 1168 1812 1833 1171 1167 1559 1291 1615 1267 1576 1369 1423 1542 1544 1919 1369 1306 1233 1947 1818 1953 1114 1065 1706 1489 1859 1665 1487 1132 1503 1002 1138 1052 1447 1776 1112 1642 BCNSPRNW ULIB Ver.6.0+V

เปลี่ยนเป็นภาษาไทย

Change to English
 แสดงรายละเอียดบรรณานุกรม
  กลับหน้าหลัก

Brief Record : Get Marc (ISO 2709) : E-mail record : QR code < ปิดหน้าต่าง
LEADER : 00000nam 2200000uu 4500
001    13399123208
003     ULIB
008    020711s2551 th a 000 0 tha d
020    9789741305803
090    นว.^bป111อ
100    ปาปิญอง
245    อัญมณีสีเลือด /^cปาปิญอง
250    พิมพ์ครั้งที่ 1
260    กรุงเทพฯ :^bบลูบัตเตอร์ฟลาย,^c2551
300    190 หน้า;^b21 ซม.
710    บลูบัตเตอร์ฟลาย
945    ^p169^l0^i20344
999    ^aทศพร เกษรทอง
รายการนี้ยังไม่มีแท็ก
คุณยังไม่ได้ล็อกอิน คุณสามารถมีกิจกรรมร่วมกับเว็บไซต์ได้ แต่ต้องล็อกอินก่อน ::
  ล็อกอิน

รายการสื่อสารสนเทศ

ลำดับที่ ประเภท เลขเรียก/บาร์โค้ด สถานที่ สถานะ
1. นวนิยาย
นวนิยาย
นว. ป111อ ฉ.1 
  Barcode: 20344
ห้องสมุดวิทยาเขตนครสวรรค์
►นวนิยาย:l:Fiction
บนชั้น

BibComment


ยังไม่เคยถูกคอมเมนท์

คอมเมนท์ทรัพยากรรายการนี้
  คอมเมนท์: อัญมณีสีเลือด ปา..


 Copyright 2026. Bcnsprnw @Library